[Event "20. Abierto de la Constitucion 2018"]
[Site "S. S. de los Reyes ESP"]
[Date "2018.12.06"]
[Round "6.12"]
[White "Vaquerizo Calvo, Miguel Arturo"]
[Black "Anton Quevedo, Andrea"]
[Result "1-0"]
[WhiteElo "1944"]
[BlackElo "1876"]
[PlyCount "137"]
[EventDate "2018.12.01"]
[EventType "swiss"]
[EventRounds "9"]
[EventCountry "ESP"]
[SourceTitle "Ajedrez en Madrid"]
[Source "lmi"]
[SourceDate "2018.12.01"]

1. e4 c5 2. Nf3 e6 3. d4 cxd4 4. Nxd4 Nc6 5. Nc3 Qc7 6. Qd3 Nf6 7. Ndb5 Qb8 8.
Qg3 Qxg3 9. hxg3 Nb4 10. Bd3 Na6 11. Bf4 Bc5 12. Nd6+ Ke7 13. e5 Ng4 14. Nde4
Bd4 15. Rh5 h6 16. f3 Ne3 17. Ke2 Nd5 18. Nxd5+ exd5 19. Nc3 Nc7 20. e6 Nxe6
21. Nxd5+ Kd8 22. c3 g6 23. Rhh1 Bg7 24. Bd6 Re8 25. Kf2 b6 26. Ne3 Bb7 27. Ng4
h5 28. Ne5 Bxe5 29. Bxe5 Nc5 30. Bf6+ Kc7 31. Bc4 d5 32. Bb5 Re6 33. Bd4 a6 34.
Bf1 Rae8 35. b4 Nd7 36. Bd3 Ne5 37. Bxe5+ Rxe5 38. Rhe1 Kd6 39. Rxe5 Rxe5 40.
Rd1 b5 41. Bc2 Re7 42. Rd3 Bc6 43. Re3 Rxe3 44. Kxe3 Bd7 45. Kd4 Be8 46. Bd1
Bd7 47. Bb3 Bc6 48. g4 hxg4 49. fxg4 Bb7 50. a4 Bc6 51. axb5 axb5 52. g5 Bb7
53. Bd1 Bc6 54. Bg4 Bb7 55. Bh3 Bc6 56. Bc8 Ba8 57. Ba6 Bc6 58. g3 Bd7 59. Bb7
Be6 60. Ba8 f5 61. gxf6 Bf7 62. Bb7 Be6 63. Ba6 Bd7 64. f7 Ke7 65. f8=Q+ Kxf8
66. Kxd5 Ke7 67. Kc5 Kf6 68. Bxb5 Bc8 69. Be2 1-0

[Event "20. Abierto de la Constitucion 2018"]
[Site "S. S. de los Reyes ESP"]
[Date "2018.12.06"]
[Round "6.13"]
[White "Camarero Izquierdo, Juan Carlos"]
[Black "Gomez Logrosan, Cristian"]
[Result "0-1"]
[WhiteElo "1922"]
[BlackElo "1790"]
[PlyCount "58"]
[EventDate "2018.12.01"]
[EventType "swiss"]
[EventRounds "9"]
[EventCountry "ESP"]
[SourceTitle "Ajedrez en Madrid"]
[Source "lmi"]
[SourceDate "2018.12.01"]

1. d4 d6 2. e4 Nd7 3. Nc3 c5 4. d5 Ngf6 5. f4 g6 6. Nf3 Nb6 7. Bb5+ Bd7 8. e5
Bxb5 9. exf6 Ba6 10. fxe7 Qxe7+ 11. Kf2 O-O-O 12. Re1 Qd7 13. a4 Bg7 14. Nb5
Kb8 15. Qd3 c4 16. Qd1 Bxb5 17. axb5 Qxb5 18. Be3 a6 19. Qd2 Na4 20. Nd4 Bxd4
21. Qxd4 Nc5 22. Ra3 Rhe8 23. Rea1 Re4 24. Qg7 Rde8 25. Ra5 Qd7 26. Bxc5 dxc5
27. Rxc5 Qg4 28. g3 Re2+ 29. Kg1 Qf3 0-1

[Event "20. Abierto de la Constitucion 2018"]
[Site "S. S. de los Reyes ESP"]
[Date "2018.12.06"]
[Round "6.14"]
[White "Hernandez Ramos, Alberto"]
[Black "Hidalgo Prado, David"]
[Result "1-0"]
[WhiteElo "1917"]
[BlackElo "1588"]
[PlyCount "87"]
[EventDate "2018.12.01"]
[EventType "swiss"]
[EventRounds "9"]
[EventCountry "ESP"]
[SourceTitle "Ajedrez en Madrid"]
[Source "lmi"]
[SourceDate "2018.12.01"]

1. e4 e6 2. d4 d5 3. Bd3 Nf6 4. e5 Nfd7 5. f4 c5 6. c3 Nc6 7. Nf3 Qb6 8. Bc2
cxd4 9. cxd4 Nb4 10. O-O Nxc2 11. Qxc2 Be7 12. Nc3 Nb8 13. Nxd5 Qc6 14. Qxc6+
bxc6 15. Nc7+ Kd7 16. Nxa8 Bb7 17. Be3 Bxa8 18. Ng5 f6 19. Ne4 Na6 20. Nc5+
Bxc5 21. dxc5 Nb4 22. Rad1+ Nd5 23. exf6 gxf6 24. Bd4 Ke7 25. Rf3 Bb7 26. Rb3
Bc8 27. Ra3 a6 28. Rg3 Kf7 29. Rf3 Rg8 30. Rg3 Re8 31. Rf3 Rg8 32. Rdf1 Bd7 33.
Rh3 Rg7 34. Rg3 h5 35. Rxg7+ Kxg7 36. Rf3 Kg6 37. Rg3+ Kf5 38. Rg8 Kxf4 39. Rd8
e5 40. Bxe5+ fxe5 41. Rxd7 e4 42. Rxd5 cxd5 43. c6 e3 44. c7 1-0

[Event "20. Abierto de la Constitucion 2018"]
[Site "S. S. de los Reyes ESP"]
[Date "2018.12.06"]
[Round "6.15"]
[White "Largo Barbero, Benito"]
[Black "Montiel Miguelez, Manuel"]
[Result "1-0"]
[WhiteElo "1866"]
[BlackElo "1814"]
[PlyCount "101"]
[EventDate "2018.12.01"]
[EventType "swiss"]
[EventRounds "9"]
[EventCountry "ESP"]
[SourceTitle "Ajedrez en Madrid"]
[Source "lmi"]
[SourceDate "2018.12.01"]

1. e4 c5 2. Nc3 Nc6 3. g3 Nf6 4. Bg2 g6 5. d3 Bg7 6. f4 O-O 7. Nf3 d6 8. h3 Bd7
9. O-O Rb8 10. g4 b5 11. Ne2 Qb6 12. Ng3 Ne8 13. c3 b4 14. c4 Nd4 15. Nxd4
Bxd4+ 16. Kh2 a5 17. Qe2 a4 18. Be3 Bg7 19. Rad1 b3 20. a3 e6 21. f5 exf5 22.
gxf5 Be5 23. Bh6 Ng7 24. Bf4 f6 25. Bxe5 dxe5 26. Rf2 Qd6 27. Qe3 g5 28. Bf3
Be8 29. Qe2 Qd4 30. Nf1 h5 31. Ne3 Qd7 32. Nd5 Qf7 33. Qe3 Qa7 34. Rg2 Bc6 35.
Nc3 Rbd8 36. Rdg1 Qd7 37. Nd5 Qd6 38. Kh1 Kf7 39. h4 Bxd5 40. cxd5 g4 41. Qh6
Rh8 42. Qg6+ Kf8 43. Bxg4 hxg4 44. Rxg4 Rd7 45. Rc1 Qe7 46. Rc4 Ra7 47. d6 Qxd6
48. Rxa4 Re7 49. Ra8+ Ne8 50. Rxe8+ Rxe8 51. Qg7# 1-0

[Event "20. Abierto de la Constitucion 2018"]
[Site "S. S. de los Reyes ESP"]
[Date "2018.12.06"]
[Round "6.16"]
[White "Vazquez Gonzalez, Jesus"]
[Black "Rial Rodriguez, Marta"]
[Result "1-0"]
[WhiteElo "1923"]
[BlackElo "1503"]
[PlyCount "101"]
[EventDate "2018.12.01"]
[EventType "swiss"]
[EventRounds "9"]
[EventCountry "ESP"]
[SourceTitle "Ajedrez en Madrid"]
[Source "lmi"]
[SourceDate "2018.12.01"]

1. b3 e5 2. Bb2 Nc6 3. e3 d5 4. Bb5 f6 5. Ne2 Bd6 6. d4 Bd7 7. O-O a6 8. Bxc6
bxc6 9. c4 e4 10. Nbc3 Be6 11. c5 Be7 12. Nf4 Qc8 13. f3 f5 14. fxe4 fxe4 15.
Nce2 Bg4 16. h3 Bxe2 17. Qxe2 g6 18. Bc3 Nh6 19. g4 O-O 20. Be1 Nf7 21. h4 Nh6
22. g5 Nf5 23. Rc1 Rf7 24. Kh2 Qd7 25. Bg3 Bf8 26. Nh3 Qd8 27. Nf4 Qe7 28. Rce1
Kh8 29. Qg4 Qd7 30. Qh3 Qe7 31. Rg1 Re8 32. h5 Kg7 33. Nxg6 hxg6 34. Be5+ Kh7
35. Ref1 Bg7 36. Bf6 Bxf6 37. gxf6 Rxf6 38. hxg6+ Kg8 39. Rxf5 Rxf5 40. Qxf5
Qh4+ 41. Qh3 Qxh3+ 42. Kxh3 Kg7 43. Kh4 Rh8+ 44. Kg5 Rh3 45. Kf5 Rxe3 46. Ke6
Rf3 47. Kd7 Rf6 48. Kxc7 e3 49. Re1 Re6 50. Kd7 Kf6 51. Rf1+ 1-0

[Event "20. Abierto de la Constitucion 2018"]
[Site "S. S. de los Reyes ESP"]
[Date "2018.12.06"]
[Round "6.17"]
[White "Alvarez Gonzalez, Eduardo"]
[Black "Garcia Minguez, Antonio"]
[Result "0-1"]
[WhiteElo "1798"]
[BlackElo "1499"]
[PlyCount "78"]
[EventDate "2018.12.01"]
[EventType "swiss"]
[EventRounds "9"]
[EventCountry "ESP"]
[SourceTitle "Ajedrez en Madrid"]
[Source "lmi"]
[SourceDate "2018.12.01"]

1. d4 d5 2. Nf3 Nf6 3. c4 e6 4. Nc3 c5 5. cxd5 Nxd5 6. e3 Nc6 7. Bb5 Nxc3 8.
bxc3 Bd7 9. O-O a6 10. Bd3 Be7 11. e4 O-O 12. Be3 cxd4 13. cxd4 Nb4 14. Bb1 Rc8
15. a3 Nc6 16. d5 exd5 17. exd5 Na5 18. Bd3 Nc4 19. Bxc4 Rxc4 20. Qb3 b5 21.
Rfd1 Bf6 22. Bd4 Re8 23. Qb2 Bxd4 24. Rxd4 Qc7 25. h3 Rc2 26. Qb3 Ree2 27. Ne1
Rc1 28. Rd1 Rc3 29. Qb1 Qf4 30. Nd3 Rxd3 31. Kh1 Rxd1+ 32. Qxd1 Rd2 33. Qe1
Qxf2 34. Qe4 Qe2 35. Qxe2 Rxe2 36. Rc1 Kf8 37. Rc7 Ke7 38. Ra7 Rd2 39. Rxa6
Rxd5 0-1

[Event "20. Abierto de la Constitucion 2018"]
[Site "S. S. de los Reyes ESP"]
[Date "2018.12.06"]
[Round "6.18"]
[White "Martinez Miura, Enrique"]
[Black "Minguela Munoz, Bienvenido"]
[Result "1/2-1/2"]
[WhiteElo "1627"]
[BlackElo "1792"]
[PlyCount "88"]
[EventDate "2018.12.01"]
[EventType "swiss"]
[EventRounds "9"]
[EventCountry "ESP"]
[SourceTitle "Ajedrez en Madrid"]
[Source "lmi"]
[SourceDate "2018.12.01"]

1. e4 c5 2. Nc3 Nc6 3. Nf3 Nf6 4. d4 cxd4 5. Nxd4 e5 6. Nf3 d6 7. h3 a6 8. Be2
h6 9. O-O Be7 10. Be3 O-O 11. Qd2 Be6 12. Rad1 b5 13. a3 Rc8 14. Qc1 Qc7 15.
Nd2 d5 16. exd5 Nxd5 17. Nxd5 Bxd5 18. c4 Qb7 19. Qb1 Be6 20. cxb5 axb5 21. Bf3
f5 22. Bxc6 Rxc6 23. f3 Rfc8 24. Rc1 b4 25. Rxc6 Qxc6 26. axb4 Bxb4 27. Rd1 f4
28. Bf2 Qc2 29. Ne4 Qxb1 30. Rxb1 Rc2 31. b3 Kf7 32. Ba7 Bd5 33. Nf2 Ra2 34.
Nd3 Bd6 35. Bc5 Bxc5+ 36. Nxc5 Be6 37. b4 Bf5 38. Ne4 Bxe4 39. fxe4 Ke6 40. b5
Ra7 41. b6 Rb7 42. Rb5 g5 43. Kf2 h5 44. Kf3 Kd6 1/2-1/2

[Event "20. Abierto de la Constitucion 2018"]
[Site "S. S. de los Reyes ESP"]
[Date "2018.12.06"]
[Round "6.19"]
[White "Perez Cameselle, Francisco"]
[Black "Gallego Romero, Manuel"]
[Result "1-0"]
[WhiteElo "1783"]
[BlackElo "1478"]
[PlyCount "139"]
[EventDate "2018.12.01"]
[EventType "swiss"]
[EventRounds "9"]
[EventCountry "ESP"]
[SourceTitle "Ajedrez en Madrid"]
[Source "lmi"]
[SourceDate "2018.12.01"]

1. e4 e5 2. Nf3 Nc6 3. Bb5 a6 4. Ba4 Bc5 5. O-O Nf6 6. Nc3 b5 7. Bb3 O-O 8.
Nxe5 Bd4 9. Nxc6 dxc6 10. d3 Qd6 11. h3 Bxh3 12. Ne2 Bg4 13. Kh1 Qe5 14. Kg1
Bxe2 15. Qxe2 Qg3 16. Be3 Bxe3 17. Qxe3 Qh4 18. f4 Ng4 19. Qh3 Qxh3 20. gxh3
Nf6 21. e5 Nd5 22. c4 Ne7 23. f5 Rad8 24. Rad1 Rd4 25. f6 Ng6 26. cxb5 cxb5 27.
e6 Ne5 28. exf7+ Nxf7 29. Rc1 Rxd3 30. Rxc7 g6 31. Ra7 Rd6 32. Rf2 Rb6 33. Kf1
Rd6 34. Ke2 Re8+ 35. Kf1 Rf8 36. Kg2 g5 37. Kg3 h5 38. h4 g4 39. Rf5 Rd3+ 40.
Kg2 Rxb3 41. axb3 Kh7 42. Rxh5+ Kg6 43. Rc5 Kxf6 44. Rxa6+ Kg7 45. Ra7 Kf6 46.
Kg3 Rg8 47. Ra6+ Kg7 48. Kxg4 Kh8+ 49. Kh3 Kh7 50. Rc7 Rg7 51. Rb6 Ng5+ 52.
hxg5 Rxc7 53. Rxb5 Rc2 54. Kg4 Rxb2 55. Rb7+ Kg6 56. Rb6+ Kg7 57. b4 Rg2+ 58.
Kf5 Rf2+ 59. Ke5 Re2+ 60. Kd5 Rd2+ 61. Kc6 Kg6 62. Rb5 Rc2+ 63. Rc5 Re2 64. b5
Re6+ 65. Kb7 Re7+ 66. Ka6 Re8 67. b6 Re6 68. Ka7 Kf7 69. b7 Re7 70. Ka8 1-0

[Event "20. Abierto de la Constitucion 2018"]
[Site "S. S. de los Reyes ESP"]
[Date "2018.12.06"]
[Round "6.20"]
[White "Rubio Gonzalez, Beltran"]
[Black "Alonso Garuti, Luis E"]
[Result "1/2-1/2"]
[WhiteElo "1510"]
[BlackElo "1774"]
[PlyCount "83"]
[EventDate "2018.12.01"]
[EventType "swiss"]
[EventRounds "9"]
[EventCountry "ESP"]
[SourceTitle "Ajedrez en Madrid"]
[Source "lmi"]
[SourceDate "2018.12.01"]

1. d4 Nf6 2. Bg5 c5 3. c3 e6 4. Nf3 Nc6 5. e3 cxd4 6. exd4 d6 7. Nbd2 Be7 8.
Bd3 O-O 9. O-O e5 10. Be3 Bg4 11. Qc2 Rc8 12. h3 Bxf3 13. Nxf3 Nb4 14. Bxh7+
Nxh7 15. Qe4 Nc6 16. dxe5 dxe5 17. Nxe5 Nxe5 18. Qxe5 b6 19. Qg3 Bd6 20. Qf3
Qf6 21. Qh5 Bc5 22. Bxc5 Rxc5 23. Qe2 Re5 24. Qa6 Qe7 25. Rad1 Re8 26. Qa4 Nf6
27. g4 Qb7 28. Qf4 Re4 29. Qd6 Qc8 30. f3 Re2 31. Rf2 Qc4 32. Rd2 Rxf2 33. Kxf2
Qxa2 34. g5 Nh5 35. g6 Qe6 36. Qxe6 fxe6 37. Rd7 Nf4 38. Rxa7 Rb8 39. Ke3 Nxg6
40. Ke4 Rf8 41. Rb7 Rc8 42. Rxb6 1/2-1/2

[Event "20. Abierto de la Constitucion 2018"]
[Site "S. S. de los Reyes ESP"]
[Date "2018.12.06"]
[Round "6.21"]
[White "Fernandez Diaz, Ricardo"]
[Black "Llamas Aliste, Alberto"]
[Result "1/2-1/2"]
[WhiteElo "1498"]
[BlackElo "1703"]
[PlyCount "75"]
[EventDate "2018.12.01"]
[EventType "swiss"]
[EventRounds "9"]
[EventCountry "ESP"]
[SourceTitle "Ajedrez en Madrid"]
[Source "lmi"]
[SourceDate "2018.12.01"]

1. d4 Nf6 2. c4 g6 3. Nc3 d5 4. e3 Bg7 5. Nf3 O-O 6. cxd5 Nxd5 7. Nxd5 Qxd5 8.
Be2 c5 9. dxc5 Qxc5 10. O-O Nc6 11. Qb3 a6 12. Bd2 b5 13. Rac1 Qb6 14. Bc3 Be6
15. Qc2 Bxc3 16. Qxc3 Rac8 17. b3 Rfd8 18. Rfd1 Rxd1+ 19. Rxd1 b4 20. Qb2 a5
21. Ng5 Nd8 22. Nxe6 Nxe6 23. h3 Rc3 24. Bc4 a4 25. Qd2 axb3 26. axb3 Nc5 27.
Qa2 Qc7 28. Qa8+ Kg7 29. Qa2 h5 30. h4 Qb6 31. g3 Qb8 32. Rd4 e5 33. Rd5 Qb7
34. Qb2 Qc7 35. Qb1 Qe7 36. Rd1 Qf6 37. Kg2 e4 38. Kg1 1/2-1/2

[Event "20. Abierto de la Constitucion 2018"]
[Site "S. S. de los Reyes ESP"]
[Date "2018.12.06"]
[Round "6.23"]
[White "Munoz Gonzalez, Martin"]
[Black "Savchuk, Olga"]
[Result "0-1"]
[WhiteElo "1414"]
[BlackElo "1612"]
[PlyCount "86"]
[EventDate "2018.12.01"]
[EventType "swiss"]
[EventRounds "9"]
[EventCountry "ESP"]
[SourceTitle "Ajedrez en Madrid"]
[Source "lmi"]
[SourceDate "2018.12.01"]

1. Nf3 d5 2. d4 Bg4 3. Ne5 Bf5 4. e3 Nd7 5. Nxd7 Qxd7 6. Nc3 e6 7. a3 Bd6 8.
Bd3 Bxd3 9. Qxd3 Nf6 10. e4 dxe4 11. Nxe4 Nxe4 12. Qxe4 c5 13. dxc5 Bxc5 14.
Qg4 Rd8 15. Bf4 Qd4 16. O-O O-O 17. c3 Qc4 18. Qg3 Rd3 19. Qh4 Rfd8 20. Bg5
Qxh4 21. Bxh4 R8d5 22. Rfe1 Rd2 23. Rab1 Rc2 24. Kf1 Rdd2 25. Red1 Rxb2 26.
Rxd2 Rxb1+ 27. Ke2 h6 28. Rd8+ Kh7 29. Rd7 Rb2+ 30. Kf3 Kg6 31. a4 Rb3 32. Rd3
Ra3 33. g4 Rxa4 34. h3 Ra3 35. Ke4 b5 36. f4 f5+ 37. gxf5+ exf5+ 38. Kd5 Bf8
39. Be1 b4 40. Bd2 bxc3 41. Rg3+ Kh5 42. Bxc3 Bb4 43. Kc4 Rxc3+ 0-1

[Event "20. Abierto de la Constitucion 2018"]
[Site "S. S. de los Reyes ESP"]
[Date "2018.12.06"]
[Round "6.24"]
[White "Gonzalez Morente, Jose A"]
[Black "Rodriguez Garcia, Alberto"]
[Result "0-1"]
[WhiteElo "1449"]
[BlackElo "1781"]
[PlyCount "44"]
[EventDate "2018.12.01"]
[EventType "swiss"]
[EventRounds "9"]
[EventCountry "ESP"]
[SourceTitle "Ajedrez en Madrid"]
[Source "lmi"]
[SourceDate "2018.12.01"]

1. c4 e5 2. g3 Nc6 3. Bg2 f5 4. e3 Nf6 5. Ne2 d5 6. cxd5 Nb4 7. O-O Nbxd5 8.
Nbc3 c6 9. a3 Be6 10. Qb3 Qd7 11. Qc2 Bd6 12. b4 O-O 13. Bb2 f4 14. Nxd5 Nxd5
15. exf4 exf4 16. Nd4 Bh3 17. Nf3 Bxg2 18. Kxg2 Qg4 19. Qd1 fxg3 20. fxg3 Bxg3
21. hxg3 Nf4+ 22. Kh1 Qh3+ 0-1

[Event "20. Abierto de la Constitucion 2018"]
[Site "S. S. de los Reyes ESP"]
[Date "2018.12.06"]
[Round "6.25"]
[White "Rodriguez Bernal, Herman"]
[Black "Salgado Nogal, Marcos"]
[Result "1-0"]
[WhiteElo "1745"]
[BlackElo "1533"]
[PlyCount "67"]
[EventDate "2018.12.01"]
[EventType "swiss"]
[EventRounds "9"]
[EventCountry "ESP"]
[SourceTitle "Ajedrez en Madrid"]
[Source "lmi"]
[SourceDate "2018.12.01"]

1. d4 d5 2. c4 Nc6 3. cxd5 Qxd5 4. Nf3 Bg4 5. Nc3 Qd8 6. d5 Bxf3 7. gxf3 Ne5 8.
f4 Nd7 9. Bh3 Ngf6 10. e4 Nb6 11. Be3 c6 12. Qb3 Qc7 13. Rc1 Qb8 14. O-O Nh5
15. Ne2 Qd6 16. Rfd1 Qg6+ 17. Bg2 Qg4 18. f3 Qc8 19. e5 e6 20. Bxb6 axb6 21. d6
Kd7 22. f5 Ra5 23. f4 Rb5 24. fxe6+ fxe6 25. Qxb5 cxb5 26. Rxc8 Kxc8 27. Rc1+
Kd8 28. Bxb7 Rg8 29. Rc8+ Kd7 30. Rc7+ Kd8 31. Bc6 g5 32. Ra7 gxf4+ 33. Kf2
Bxd6 34. exd6 1-0

[Event "20. Abierto de la Constitucion 2018"]
[Site "S. S. de los Reyes ESP"]
[Date "2018.12.06"]
[Round "6.26"]
[White "Campos Rodriguez, Alvaro"]
[Black "Pindado Del Carmen, Eliseo"]
[Result "1-0"]
[WhiteElo "1706"]
[BlackElo "1525"]
[PlyCount "53"]
[EventDate "2018.12.01"]
[EventType "swiss"]
[EventRounds "9"]
[EventCountry "ESP"]
[SourceTitle "Ajedrez en Madrid"]
[Source "lmi"]
[SourceDate "2018.12.01"]

1. e4 c5 2. d4 cxd4 3. Nf3 d6 4. Nxd4 Nf6 5. Nc3 a6 6. Be3 Nc6 7. Bc4 e6 8. g4
Nxd4 9. Bxd4 e5 10. Be3 Bxg4 11. f3 Be6 12. Nd5 Nxd5 13. Bxd5 Bxd5 14. Qxd5 Qc7
15. c4 Qc6 16. Qxc6+ bxc6 17. Rd1 Rb8 18. b3 c5 19. Rg1 g6 20. Bg5 Bg7 21. Rxd6
Ra8 22. Rd5 f6 23. Be3 O-O 24. Bxc5 Rfe8 25. Ke2 f5 26. exf5 gxf5 27. Rd7 1-0

[Event "20. Abierto de la Constitucion 2018"]
[Site "S. S. de los Reyes ESP"]
[Date "2018.12.06"]
[Round "6.28"]
[White "Criado Jimenez, Jose"]
[Black "Perdiguero Herreros, Alejandro"]
[Result "0-1"]
[WhiteElo "1527"]
[BlackElo "1635"]
[PlyCount "96"]
[EventDate "2018.12.01"]
[EventType "swiss"]
[EventRounds "9"]
[EventCountry "ESP"]
[SourceTitle "Ajedrez en Madrid"]
[Source "lmi"]
[SourceDate "2018.12.01"]

1. Nf3 d5 2. g3 Bg4 3. Bg2 Nd7 4. d4 Ngf6 5. O-O e6 6. Bg5 Be7 7. c3 h6 8. Bc1
Nb6 9. b3 a5 10. Nbd2 h5 11. h3 Bf5 12. Re1 O-O 13. Bb2 a4 14. Rc1 axb3 15.
Qxb3 Ne4 16. Nxe4 Bxe4 17. Nd2 Bg6 18. c4 f5 19. cxd5 exd5 20. e4 h4 21. exd5
Bf7 22. Ba1 hxg3 23. Qxg3 Bd6 24. Re5 Rxa2 25. Nf1 Ra3 26. Ne3 Bxe5 27. dxe5
Bxd5 28. Bxd5+ Nxd5 29. e6 Nf6 30. Bxf6 Qxf6 31. Qxc7 Qxe6 32. Re1 f4 33. Nc2
Qg6+ 34. Kh2 Ra2 35. Rg1 Qf7 36. Qc3 b5 37. Qc5 Qc4 38. Qe7 Qf7 39. Qc5 f3 40.
Ne1 Qf4+ 41. Rg3 Qf5 42. Qd4 Qf6 43. Qd5+ Qf7 44. Qxb5 Rxf2+ 45. Kg1 Ra2 46.
Rxf3 Qa7+ 47. Kf1 Rxf3+ 48. Nxf3 Qf2# 0-1

[Event "20. Abierto de la Constitucion 2018"]
[Site "S. S. de los Reyes ESP"]
[Date "2018.12.06"]
[Round "6.29"]
[White "Medina Balenciaga, Patricio"]
[Black "Alfaya Martinez, Enrique"]
[Result "0-1"]
[WhiteElo "1408"]
[BlackElo "1594"]
[PlyCount "64"]
[EventDate "2018.12.01"]
[EventType "swiss"]
[EventRounds "9"]
[EventCountry "ESP"]
[SourceTitle "Ajedrez en Madrid"]
[Source "lmi"]
[SourceDate "2018.12.01"]

1. e4 c5 2. Nf3 Nc6 3. c3 d5 4. exd5 Qxd5 5. c4 Qh5 6. Be2 Bg4 7. h3 Nf6 8. O-O
Bd7 9. d4 cxd4 10. Nxd4 Qe5 11. Nf3 Qc7 12. Nc3 e6 13. Nb5 Qb8 14. g3 a6 15.
Nc3 Bc5 16. Bg5 Qxg3+ 17. Kh1 Qxh3+ 18. Nh2 Ne5 19. Bf4 Bc6+ 20. f3 Neg4 21.
Qe1 Nh5 22. Rg1 Nxf4 23. Rxg4 Nxe2 24. Qxe2 Bd6 25. Ne4 Bxh2 26. Ng5 Qxg4 27.
Kxh2 Qxg5 28. Rg1 Qf4+ 29. Rg3 Rd8 30. Qf1 Rd2+ 31. Kh3 Qh6+ 32. Kg4 f5# 0-1

[Event "20. Abierto de la Constitucion 2018"]
[Site "S. S. de los Reyes ESP"]
[Date "2018.12.06"]
[Round "6.30"]
[White "Bravo De La Vega, Alvaro"]
[Black "Enriquez Pastor, Jorge"]
[Result "0-1"]
[WhiteElo "1407"]
[BlackElo "1465"]
[PlyCount "138"]
[EventDate "2018.12.01"]
[EventType "swiss"]
[EventRounds "9"]
[EventCountry "ESP"]
[SourceTitle "Ajedrez en Madrid"]
[Source "lmi"]
[SourceDate "2018.12.01"]

1. e4 e6 2. d4 d5 3. exd5 exd5 4. Bd3 Nf6 5. Ne2 c5 6. c3 Nc6 7. Be3 cxd4 8.
Nxd4 Be7 9. Qa4 Bd7 10. Bb5 Nxd4 11. Bxd7+ Qxd7 12. Qxd7+ Nxd7 13. Bxd4 f6 14.
O-O O-O 15. Nd2 Rfe8 16. Rfe1 Kf7 17. f3 b6 18. Nf1 Nc5 19. b4 Ne6 20. a3 Nxd4
21. cxd4 Rac8 22. Rac1 Rc4 23. Rxc4 dxc4 24. Rc1 b5 25. Kf2 Rc8 26. Ng3 g6 27.
Ne4 Rd8 28. Ke3 f5 29. Nc3 a6 30. Rd1 Re8 31. Kf2 Rd8 32. Ke3 Bd6 33. f4 Re8+
34. Kf3 Rd8 35. g3 Be7 36. Ke3 Bf6 37. Ne2 Re8+ 38. Kf3 Rc8 39. Nc3 Rd8 40. Ke3
g5 41. a4 Re8+ 42. Kf3 g4+ 43. Kg2 Re3 44. Nd5 Re2+ 45. Kg1 bxa4 46. Nb6 c3 47.
Nxa4 c2 48. Rc1 Bxd4+ 49. Kf1 Rxh2 50. Ke1 Rh1+ 51. Kd2 Be3+ 52. Kxe3 Rxc1 53.
Kd2 Ra1 54. Kxc2 Rxa4 55. Kb3 Ra1 56. Kc4 Ke6 57. Kc5 h6 58. Kc6 Ra4 59. Kc5
Kd7 60. Kc4 Kc6 61. Kb3 Ra1 62. Kc4 Rc1+ 63. Kb3 Rg1 64. Ka4 Rxg3 65. Ka5 Rg1
66. Ka4 g3 67. Ka5 g2 68. Ka4 Rd1 69. Ka5 Ra1# 0-1

[Event "20. Abierto de la Constitucion 2018"]
[Site "S. S. de los Reyes ESP"]
[Date "2018.12.07"]
[Round "7.1"]
[White "Lianes Garcia, Marcos"]
[Black "Pastor Alonso De Prado, Alberto"]
[Result "1/2-1/2"]
[WhiteElo "2330"]
[BlackElo "2102"]
[PlyCount "188"]
[EventDate "2018.12.01"]
[EventType "swiss"]
[EventRounds "9"]
[EventCountry "ESP"]
[SourceTitle "Ajedrez en Madrid"]
[Source "lmi"]
[SourceDate "2018.12.01"]

1. e4 e5 2. Nf3 Nc6 3. d4 exd4 4. Nxd4 d6 5. Nc3 Nf6 6. g3 Be7 7. Bg2 O-O 8.
O-O Nxd4 9. Qxd4 c6 10. Bf4 Ne8 11. Rad1 Qb6 12. Be3 Qxd4 13. Bxd4 f5 14. Rfe1
f4 15. f3 Be6 16. gxf4 Bh4 17. Bf2 Bxf2+ 18. Kxf2 Rxf4 19. Ne2 Rf7 20. Nd4 Bd7
21. Bf1 Kf8 22. Bc4 Re7 23. Ne2 Be6 24. Bxe6 Rxe6 25. Nd4 Rh6 26. Kg3 Rd8 27.
Nf5 Rf6 28. c4 g6 29. Ne3 Re6 30. Ng2 Rd7 31. Nf4 Re5 32. h4 Rf7 33. Re2 g5 34.
Ng2 Ke7 35. Red2 Nf6 36. Rxd6 g4 37. Nf4 gxf3 38. Kxf3 Nd5 39. R6xd5 cxd5 40.
cxd5 Kd6 41. Ke3 Rg7 42. Nd3 Rh5 43. e5+ Rxe5+ 44. Nxe5 Kxe5 45. d6 Rd7 46. Rc1
Rxd6 47. Rc7 Rb6 48. b3 h6 49. Rc5+ Kf6 50. Kf4 Rb4+ 51. Kg3 Re4 52. Rc7 Rb4
53. Rd7 Kg6 54. Rd6+ Kh5 55. Rd5+ Kg6 56. Ra5 a6 57. Rd5 Rb6 58. Kf3 Rb4 59.
Kg3 Rb6 60. Rc5 Rb4 61. Re5 Kf6 62. Rd5 Kg6 63. Rc5 Rb6 64. Rc4 Kh5 65. Rc5+
Kg6 66. Re5 Kf6 67. Rd5 Kg6 68. Kh3 Rb4 69. Rc5 Rb6 70. Kg3 Rb4 71. Rd5 Rb6 72.
Re5 Rb4 73. Kh3 Kf6 74. Rd5 Kg6 75. Kg3 Rb6 76. Re5 Rb4 77. Rc5 Kf6 78. Kh3 Kg6
79. Rd5 Rb6 80. Rd4 Kh5 81. Rd5+ Kg6 82. Re5 Rb4 83. Rc5 Kf6 84. Kg3 Kg6 85.
Rd5 Rb6 86. Rd4 Kh5 87. Kh3 Rb5 88. Rd3 Rb4 89. Rd5+ Kg6 90. Rc5 Kf6 91. Rc3
Kg6 92. Kg3 Kf6 93. Re3 a5 94. Rd3 a4 1/2-1/2

[Event "20. Abierto de la Constitucion 2018"]
[Site "S. S. de los Reyes ESP"]
[Date "2018.12.07"]
[Round "7.2"]
[White "Perez Gonzalez, Jose Manuel"]
[Black "Aziz Ortego, Omar Luis"]
[Result "1/2-1/2"]
[WhiteElo "2221"]
[BlackElo "2053"]
[PlyCount "89"]
[EventDate "2018.12.01"]
[EventType "swiss"]
[EventRounds "9"]
[EventCountry "ESP"]
[SourceTitle "Ajedrez en Madrid"]
[Source "lmi"]
[SourceDate "2018.12.01"]

1. e4 c5 2. Nf3 e6 3. d4 d5 4. exd5 exd5 5. Bb5+ Bd7 6. Bxd7+ Qxd7 7. O-O Nc6
8. Re1+ Be7 9. dxc5 O-O-O 10. Bf4 Bxc5 11. Nbd2 Nf6 12. c3 Qf5 13. Bg3 Ne4 14.
Nb3 Bb6 15. Nbd4 Nxd4 16. cxd4 Nxg3 17. hxg3 Kb8 18. Re5 Qd7 19. Qe2 Qg4 20.
Rg5 Qe4 21. Qd2 g6 22. Re1 f5 23. g4 fxg4 24. Rxe4 dxe4 25. Ne5 Rxd4 26. Qf4
Bc7 27. Qxg4 Re8 28. Nd7+ Ka8 29. Re5 Rd8 30. Re7 h5 31. Qe2 R4xd7 32. Rxd7
Rxd7 33. g4 Re7 34. gxh5 gxh5 35. Qxh5 a6 36. Qc5 Rd7 37. Qf5 Rd1+ 38. Kg2 Bb6
39. Qxe4 Rd2 40. Qb4 Rxf2+ 41. Kg3 Rf6 42. a4 a5 43. Qb5 Bc7+ 44. Kg2 Rf4 45.
b3 1/2-1/2

[Event "20. Abierto de la Constitucion 2018"]
[Site "S. S. de los Reyes ESP"]
[Date "2018.12.07"]
[Round "7.3"]
[White "Hernandez Ramos, David"]
[Black "Martin Rodriguez, Emilio"]
[Result "1/2-1/2"]
[WhiteElo "2078"]
[BlackElo "1994"]
[PlyCount "79"]
[EventDate "2018.12.01"]
[EventType "swiss"]
[EventRounds "9"]
[EventCountry "ESP"]
[SourceTitle "Ajedrez en Madrid"]
[Source "lmi"]
[SourceDate "2018.12.01"]

1. d4 d5 2. c4 c6 3. cxd5 cxd5 4. Bf4 Nf6 5. Nc3 g6 6. h3 Nc6 7. e3 Bg7 8. Bd3
O-O 9. Nf3 Nd7 10. O-O e5 11. dxe5 Ndxe5 12. Nxe5 Nxe5 13. Bxe5 Bxe5 14. Qb3 d4
15. exd4 Qxd4 16. Bc4 Bf5 17. Bd5 Rac8 18. Rae1 Rce8 19. Re3 Bd7 20. Re4 Qb6
21. Qxb6 axb6 22. Rfe1 Bxc3 23. bxc3 Ra8 24. Rb4 b5 25. Re7 Bc6 26. Bb3 Rae8
27. Rxe8 Rxe8 28. Rf4 Re7 29. Kh2 Kg7 30. f3 f5 31. Rd4 Rd7 32. Rxd7+ Bxd7 33.
Kg3 g5 34. f4 h6 35. h4 Kf6 36. Bd5 Bc6 37. Bxc6 bxc6 38. fxg5+ hxg5 39. hxg5+
Kxg5 40. Kf3 1/2-1/2